Practice and law (Record no. 74399)

MARC details
000 -LEADER
fixed length control field 01347cab a2200265 4500
001 - CONTROL NUMBER
control field ABS67849
008 - FIXED-LENGTH DATA ELEMENTS--GENERAL INFORMATION
fixed length control field 040517n2004 000 0 eng u
035 ## - SYSTEM CONTROL NUMBER
System control number (Sirsi) u126210
100 ## - MAIN ENTRY--PERSONAL NAME
Personal name Coull, I.
245 ## - TITLE STATEMENT
Title Practice and law
Remainder of title leases
260 ## - PUBLICATION, DISTRIBUTION, ETC.
Date of publication, distribution, etc. 2004
490 ## - SERIES STATEMENT
Series statement Estates Gazette
Volume/sequential designation (0419) 8 May 2004, 156-161(6)
520 ## - SUMMARY, ETC.
Summary, etc. A series of articles which consider leases. "More time needed to assess code's effect" comments on the "Code of practice for commercial leases England and Wales" (ISBN 1842190989) and Reading University's interim report on the effectiveness of the code (J128920). "Whole new ball game" explains what the new changes to the Landlord and Tenant Act 1954 will mean to landlord and tenants. The concluding article "Regulations disguised as guidance" suggests that the government aim that landlords offer shorter flexible leases is already evident in existing laws and guidelines. Lists what the code of practice covers.
590 ## - LOCAL NOTE (RLIN)
Local note KA
650 ## - SUBJECT ADDED ENTRY--TOPICAL TERM
Topical term or geographic name entry element LANDLORD AND TENANT ACT 1954
650 ## - SUBJECT ADDED ENTRY--TOPICAL TERM
Topical term or geographic name entry element CODE FOR LEASING BUSINESS PREMISES IN ENGLAND AND WALES
650 ## - SUBJECT ADDED ENTRY--TOPICAL TERM
Topical term or geographic name entry element LEASE RENEWALS
650 ## - SUBJECT ADDED ENTRY--TOPICAL TERM
Topical term or geographic name entry element FLEXIBLE LEASES
650 ## - SUBJECT ADDED ENTRY--TOPICAL TERM
Topical term or geographic name entry element UPWARD ONLY RENT REVIEWS
650 ## - SUBJECT ADDED ENTRY--TOPICAL TERM
Topical term or geographic name entry element COMMERCIAL LEASES
690 ## - LOCAL SUBJECT ADDED ENTRY--TOPICAL TERM (OCLC, RLIN)
Topical term or geographic name as entry element LANDLORD AND TENANT-BUSINESS TENANCIES
700 ## - ADDED ENTRY--PERSONAL NAME
Personal name Willetts, G.
700 ## - ADDED ENTRY--PERSONAL NAME
Personal name Foster, G.
942 ## - ADDED ENTRY ELEMENTS (KOHA)
Suppress in OPAC 0
Holdings
Withdrawn status Lost status Source of classification or shelving scheme Damaged status Not for loan Home library Current library Shelving location Date acquired Total Checkouts Full call number Barcode Date last seen Copy number Price effective from Koha item type
    Dewey Decimal Classification     London London Journal article 17/05/2004   ABS67849 126210-1001 06/08/2019 1 06/08/2019 Journal article